[Event "GER Cup Net V3 U2400"]
[Site "Playchess.com INT"]
[Date "2020.05.27"]
[Round "5"]
[White "Loew, Gerald"]
[Black "Rohde, Wolfgang"]
[Result "0-1"]
[WhiteElo "1984"]
[BlackElo "1916"]
[PlyCount "60"]
[EventDate "2020.05.27"]
[EventType "swiss (blitz)"]
[EventRounds "9"]
[EventCountry "GER"]
[SourceTitle "EXT 2021"]
[Source "ChessBase"]
[SourceDate "2020.10.23"]
[SourceVersion "1"]
[SourceVersionDate "2020.10.23"]
[SourceQuality "1"]

1. c4 Nf6 2. Nc3 d6 3. g3 Nbd7 4. Bg2 g6 5. e4 Bg7 6. Nge2 0-0 7. 0-0 c6 8. d4 a6 9. a4 Rb8 10. a5 b5 11. axb6 Nxb6 12. Qd3 e5 13. d5 cxd5 14. cxd5 Nfd7 15. Be3 Nc5 16. Bxc5 dxc5 17. Rfc1 Qd6 18. Ra5 Bh6 19. Rc2 f5 20. f3 c4 21. Qd1 Nd7 22. Kh1 Nc5 23. Na4 Nd3 24. Qg1 fxe4 25. Rxc4 exf3 26. Bxf3 Rxf3 27. Rc6 Qb4 28. Qa7 Rf1+ 29. Kg2 Rf2+ 30. Kh1 Qe4+ 0-1

[Event "GER Cup Net V3 U2400"]
[Site "Playchess.com INT"]
[Date "2020.05.27"]
[Round "1"]
[White "Rohde, Wolfgang"]
[Black "Jahnz, Fabian"]
[Result "0-1"]
[WhiteElo "1916"]
[BlackElo "2127"]
[PlyCount "42"]
[EventDate "2020.05.27"]
[EventType "swiss (blitz)"]
[EventRounds "9"]
[EventCountry "GER"]
[SourceTitle "EXT 2021"]
[Source "ChessBase"]
[SourceDate "2020.10.23"]
[SourceVersion "1"]
[SourceVersionDate "2020.10.23"]
[SourceQuality "1"]

1. d4 d5 2. Nf3 Nf6 3. g3 Bf5 4. Bg2 e6 5. h3 c6 6. 0-0 h6 7. Nbd2 Nbd7 8. a4 Be7 9. a5 0-0 10. c4 b6 11. b3 c5 12. axb6 axb6 13. Rxa8 Qxa8 14. Ne5 cxd4 15. Ndf3 dxc4 16. Nxd4 Be4 17. Ndc6 Bxg2 18. Nxe7+ Kh8 19. Nxd7 Bxf1 20. Qxf1 Nxd7 21. bxc4 Re8 0-1

[Event "GER Cup Net V3 U2400"]
[Site "Playchess.com INT"]
[Date "2020.05.27"]
[Round "4"]
[White "Wronn, Bernd"]
[Black "Rohde, Wolfgang"]
[Result "0-1"]
[WhiteElo "1989"]
[BlackElo "1916"]
[PlyCount "40"]
[EventDate "2020.05.27"]
[EventType "swiss (blitz)"]
[EventRounds "9"]
[EventCountry "GER"]
[SourceTitle "EXT 2021"]
[Source "ChessBase"]
[SourceDate "2020.10.23"]
[SourceVersion "1"]
[SourceVersionDate "2020.10.23"]
[SourceQuality "1"]

1. Nf3 g6 2. c4 Bg7 3. d4 Nf6 4. Nc3 c5 5. e4 cxd4 6. Nxd4 Nc6 7. Be3 Ng4 8. Qxg4 Nxd4 9. Qd1 e5 10. Bxd4 exd4 11. Nd5 0-0 12. Bd3 d6 13. 0-0 Be6 14. Rc1 a6 15. f4 b5 16. f5 Bxd5 17. cxd5 Be5 18. Qg4 h5 19. Qh3 Qg5 20. Rf3 Qxc1+ 0-1

[Event "Berlin Lichtenberger op 17th"]
[Site "Berlin"]
[Date "2018.08.19"]
[Round "2"]
[White "Bauder, Herbert"]
[Black "Rohde, Wolfgang"]
[Result "0-1"]
[WhiteElo "1886"]
[BlackElo "2085"]
[PlyCount "80"]
[EventDate "2018.08.18"]
[EventType "swiss"]
[EventRounds "9"]
[EventCountry "GER"]
[SourceTitle "CBM 186 Extra"]
[Source "ChessBase"]
[SourceDate "2018.08.24"]
[SourceVersion "1"]
[SourceVersionDate "2018.08.24"]
[SourceQuality "1"]

1. d4 c5 2. d5 Nf6 3. Nf3 g6 4. c4 d6 5. Nc3 Bg7 6. e4 0-0 7. Bd3 Na6 8. 0-0 e6 9. h3 Nc7 10. a4 Nh5 11. Bg5 f6 12. Bd2 e5 13. Qc1 f5 14. Bg5 Qe8 15. Bd2 Qe7 16. Re1 fxe4 17. Bxe4 Nf4 18. Kh2 g5 19. Ne2 Qf6 20. Nxf4 exf4 21. Bc3 Qh6 22. Bxg7 Qxg7 23. Ra3 Bd7 24. Qc3 h6 25. Qxg7+ Kxg7 26. a5 Rfe8 27. Rb3 Rab8 28. Bd3 Rxe1 29. Nxe1 Na6 30. Be4 Nb4 31. f3 Kf6 32. Kg1 Ke5 33. Nd3+ Nxd3 34. Bxd3 Kd4 35. Kf2 b5 36. axb6 Rxb6 37. Rxb6 axb6 38. Ke2 Ba4 39. Kd2 Bb3 40. Be2 Bxc4 0-1

[Event "Berlin Lichtenberger op 16th"]
[Site "Berlin"]
[Date "2017.08.25"]
[Round "7"]
[White "Bui, Bao Anh Le"]
[Black "Rohde, Wolfgang"]
[Result "1/2-1/2"]
[WhiteElo "1775"]
[BlackElo "2125"]
[PlyCount "39"]
[EventDate "2017.08.19"]
[EventType "swiss"]
[EventRounds "9"]
[EventCountry "GER"]
[SourceTitle "CBM 180 Extra"]
[Source "ChessBase"]
[SourceDate "2017.10.06"]
[SourceVersion "1"]
[SourceVersionDate "2017.10.06"]
[SourceQuality "1"]

1. e4 c5 2. Nf3 e6 3. c4 Nc6 4. Nc3 e5 5. d3 d6 6. Nd5 Be7 7. Be2 Nf6 8. 0-0 0-0 9. a3 h6 10. b4 cxb4 11. Nxb4 Nd7 12. Nxc6 bxc6 13. d4 Nf6 14. Qc2 exd4 15. Nxd4 Bd7 16. Rd1 Qa5 17. Bd2 Qe5 18. Bc3 Qxe4 19. Bd3 Qh4 20. Bf5 1/2-1/2

[Event "Berlin Lichtenberger op 16th"]
[Site "Berlin"]
[Date "2017.08.22"]
[Round "4"]
[White "Rohde, Wolfgang"]
[Black "Postler, Reinhard"]
[Result "0-1"]
[WhiteElo "2125"]
[BlackElo "2250"]
[PlyCount "112"]
[EventDate "2017.08.19"]
[EventType "swiss"]
[EventRounds "9"]
[EventCountry "GER"]
[SourceTitle "CBM 180 Extra"]
[Source "ChessBase"]
[SourceDate "2017.10.06"]
[SourceVersion "1"]
[SourceVersionDate "2017.10.06"]
[SourceQuality "1"]

1. d4 d5 2. c4 c6 3. Nf3 Nf6 4. Nc3 e6 5. e3 Nbd7 6. Qc2 Bd6 7. b3 0-0 8. Be2 Re8 9. 0-0 b6 10. Rd1 Bb7 11. Bb2 Qe7 12. e4 dxe4 13. Nxe4 Nxe4 14. Qxe4 Nf6 15. Qh4 c5 16. dxc5 Bxc5 17. Bxf6 Qxf6 18. Qxf6 gxf6 19. Nh4 Red8 20. Bf3 Bxf3 21. Nxf3 a5 22. Kf1 a4 23. Rxd8+ Rxd8 24. Ke2 Ra8 25. Rd1 axb3 26. axb3 Ra3 27. Rd3 Kf8 28. Nd2 Ra2 29. f3 f5 30. g4 f4 31. h4 Ke7 32. Kd1 f5 33. gxf5 exf5 34. Nb1 Rh2 35. Nc3 Ke6 36. Nd5 Ke5 37. b4 Be3 38. Nxe3 fxe3 39. Rxe3+ Kd4 40. Re6 Kxc4 41. Rxb6 Kd3 42. Rd6+ Ke3 43. Rh6 Rb2 44. Rxh7 Rxb4 45. h5 Rh4 46. h6 Kxf3 47. Rf7 f4 48. h7 Ke3 49. Re7+ Kf2 50. Kd2 f3 51. Kd3 Kf1 52. Ke3 f2 53. Kf3 Rh3+ 54. Kg4 Kg2 55. Rf7 Rxh7 56. Rxh7 f1Q 0-1

[Event "Berlin Lichtenberger op 16th"]
[Site "Berlin"]
[Date "2017.08.20"]
[Round "2"]
[White "Rohde, Wolfgang"]
[Black "Wachtel, Arthur"]
[Result "1/2-1/2"]
[WhiteElo "2125"]
[BlackElo "1803"]
[PlyCount "56"]
[EventDate "2017.08.19"]
[EventType "swiss"]
[EventRounds "9"]
[EventCountry "GER"]
[SourceTitle "CBM 180 Extra"]
[Source "ChessBase"]
[SourceDate "2017.10.06"]
[SourceVersion "1"]
[SourceVersionDate "2017.10.06"]
[SourceQuality "1"]

1. Nf3 g6 2. c4 Bg7 3. g3 Nf6 4. Bg2 0-0 5. 0-0 d6 6. d4 Nbd7 7. Nc3 c5 8. h3 Rb8 9. Be3 Qc7 10. Nb5 Qa5 11. dxc5 a6 12. Nbd4 Nxc5 13. Nd2 Qc7 14. b4 Ne6 15. Rc1 Nxd4 16. Bxd4 Be6 17. Ba7 Ra8 18. Be3 Qd7 19. Kh2 Rac8 20. a4 d5 21. Nf3 Rxc4 22. Rxc4 dxc4 23. Qxd7 Bxd7 24. Ne5 Bxa4 25. Nxc4 Bb5 26. Nb6 Bxe2 27. Re1 Bb5 28. Bc5 Re8 1/2-1/2

[Event "Berlin Lichtenberger op 14th"]
[Site "Berlin"]
[Date "2015.08.19"]
[Round "5"]
[White "Rohde, Wolfgang"]
[Black "Wierzbicki, Jirawat"]
[Result "0-1"]
[WhiteElo "2164"]
[BlackElo "1961"]
[PlyCount "133"]
[EventDate "2015.08.15"]
[EventType "swiss"]
[EventRounds "9"]
[EventCountry "GER"]
[SourceTitle "EXT 2016"]
[Source "ChessBase"]
[SourceDate "2015.10.08"]
[SourceVersion "1"]
[SourceVersionDate "2015.10.08"]
[SourceQuality "1"]

1. d4 d5 2. Nf3 Nf6 3. c4 dxc4 4. Nc3 a6 5. e4 b5 6. e5 Nd5 7. a4 e6 8. axb5 Nb6 9. Bg5 Be7 10. h4 Bb7 11. Be2 h6 12. Bxe7 Qxe7 13. Nd2 Qb4 14. bxa6 Nxa6 15. Bf3 Nd5 16. 0-0 0-0 17. Qc2 Qe7 18. Nxc4 Ndb4 19. Qe2 Bxf3 20. Qxf3 Qxh4 21. Ne4 Nc2 22. g3 Qh3 23. Rad1 Rad8 24. Qc3 Ncb4 25. Ne3 Rb8 26. Qc4 Rfd8 27. Ra1 Rb6 28. Ra4 Rc6 29. Nc5 Nxc5 30. dxc5 Nd3 31. Qe4 Rxc5 32. Ra8 Rxa8 33. Qxa8+ Kh7 34. Qe4+ g6 35. Qxd3 Rxe5 36. Ng2 Rh5 37. f4 Rd5 38. Qc3 c5 39. Re1 c4 40. Re3 Rh5 41. Qxc4 Qh1+ 42. Kf2 Qb1 43. Qc3 Qa2 44. Re5 Rh1 45. Re1 Rh5 46. Re2 Qb1 47. Re1 Qa2 48. Rd1 Rb5 49. Rd2 Rb3 50. Qd4 Qa1 51. Ne1 Qa5 52. Rd3 Rb4 53. Qf6 Qb6+ 54. Kf1 Qb7 55. b3 Rxb3 56. Rxb3 Qxb3 57. Qxf7+ Kh8 58. Qf8+ Kh7 59. Qe7+ Kg8 60. Qd8+ Kg7 61. Qd7+ Kg8 62. Qd3 Qxd3+ 63. Nxd3 Kg7 64. Kf2 Kf6 65. Kf3 h5 66. Ke4 g5 67. Nf2 0-1

[Event "Berlin Lichtenberger op 13th"]
[Site "Berlin"]
[Date "2014.08.19"]
[Round "4"]
[White "Kievelitz, Bernd"]
[Black "Rohde, Wolfgang"]
[Result "0-1"]
[WhiteElo "1998"]
[BlackElo "2162"]
[PlyCount "132"]
[EventDate "2014.08.16"]
[EventType "swiss"]
[EventRounds "9"]
[EventCountry "GER"]
[SourceTitle "CBM 161 Extra"]
[Source "ChessBase"]
[SourceDate "2014.08.29"]
[SourceVersion "1"]
[SourceVersionDate "2014.08.29"]
[SourceQuality "1"]

1. Nf3 c5 2. c4 g6 3. d4 Bg7 4. Nc3 cxd4 5. Nxd4 Nc6 6. Nc2 d6 7. e4 Nh6 8. Be2 0-0 9. 0-0 f5 10. exf5 Nxf5 11. Rb1 Be6 12. Nd5 Qd7 13. b3 Bf7 14. Bb2 e5 15. Nde3 Be6 16. Bf3 Nce7 17. Nd5 Rac8 18. Nxe7+ Nxe7 19. Ne3 Kh8 20. Ba3 Rfd8 21. Qd2 b5 22. Rbc1 bxc4 23. bxc4 Qa4 24. Qb4 Qxb4 25. Bxb4 Nc6 26. Bc3 Nd4 27. Bxd4 exd4 28. Nd5 Bh6 29. Rce1 Bf5 30. Ne7 Rxc4 31. Nxf5 gxf5 32. Bd5 Rc5 33. Bb3 Bg5 34. Rd1 Bf6 35. Rd3 Rc3 36. Rfd1 Kg7 37. g3 Re8 38. Kg2 a5 39. Kf3 Be5 40. h3 h5 41. Ba4 Rb8 42. Bb3 Rb4 43. Ke2 a4 44. Be6 Kf6 45. Bd5 Ke7 46. Bf3 Rc2+ 47. R1d2 Rxd2+ 48. Rxd2 f4 49. Bxh5 fxg3 50. fxg3 Bxg3 51. Kd3 Be5 52. Bf3 Bf4 53. Rc2 Be3 54. Rc4 Rb2 55. Rxa4 Rh2 56. Bg4 d5 57. Be2 Rxh3 58. Ra7+ Kd6 59. Rf7 Bf4+ 60. Kc2 Rc3+ 61. Kb2 Bc1+ 62. Kb1 Ba3 63. Rf1 d3 64. Bxd3 Rxd3 65. Rh1 Rc3 66. Rd1 Kc5 0-1

[Event "Berlin Lichtenberger op 13th"]
[Site "Berlin"]
[Date "2014.08.17"]
[Round "2"]
[White "Meyer Dunker, Paul"]
[Black "Rohde, Wolfgang"]
[Result "0-1"]
[WhiteElo "1912"]
[BlackElo "2162"]
[PlyCount "78"]
[EventDate "2014.08.16"]
[EventType "swiss"]
[EventRounds "9"]
[EventCountry "GER"]
[SourceTitle "CBM 161 Extra"]
[Source "ChessBase"]
[SourceDate "2014.08.29"]
[SourceVersion "1"]
[SourceVersionDate "2014.08.29"]
[SourceQuality "1"]

1. e4 c5 2. Nf3 e6 3. Na3 Nc6 4. Bb5 Nd4 5. Nxd4 cxd4 6. 0-0 a6 7. Bd3 b5 8. e5 Bb7 9. Qg4 Qb6 10. c3 f5 11. Qxd4 Qc6 12. Be4 Qxe4 13. Qxe4 Bxe4 14. d4 Bxa3 15. bxa3 Ne7 16. a4 Nd5 17. Bb2 Nb6 18. a5 Na4 19. Ba3 Rc8 20. f3 Bd5 21. Rac1 Rxc3 22. Bb4 Rc4 23. Rxc4 Bxc4 24. Rf2 Kf7 25. g4 g6 26. h4 Rc8 27. h5 Bd5 28. hxg6+ Kxg6 29. Kh2 Rc4 30. Bf8 f4 31. g5 Rc1 32. Kg2 Ra1 33. Kh3 Rxa2 34. Rf1 Kf5 35. g6 hxg6 36. Be7 Rc2 37. Bf8 g5 38. Be7 Bxf3 39. Bxg5 Bg4+ 0-1

[Event "Berlin Lichtenberger op 12th"]
[Site "Berlin"]
[Date "2013.08.21"]
[Round "5"]
[White "Rohde, Wolfgang"]
[Black "Piotrowski, Christopher"]
[Result "0-1"]
[WhiteElo "2171"]
[BlackElo "2052"]
[PlyCount "70"]
[EventDate "2013.08.17"]
[EventType "swiss"]
[EventRounds "9"]
[EventCountry "GER"]
[SourceTitle "CBM 156 Extra"]
[Source "ChessBase"]
[SourceDate "2013.10.22"]
[SourceVersion "1"]
[SourceVersionDate "2013.10.22"]
[SourceQuality "1"]

1. d4 Nf6 2. Nf3 g6 3. Nbd2 c5 4. dxc5 Na6 5. Nb3 Nxc5 6. Qd4 Nce4 7. Ng5 Nxg5 8. Bxg5 Bg7 9. 0-0-0 d6 10. f3 Be6 11. e4 h6 12. Be3 0-0 13. Qd2 Kh7 14. Kb1 d5 15. e5 Nd7 16. f4 f6 17. exf6 Nxf6 18. Bd3 Bf5 19. Bxf5 gxf5 20. Rhe1 e6 21. Qe2 Qc7 22. h3 Ne4 23. g4 Rac8 24. Bd4 fxg4 25. Bxg7 Qxg7 26. Nd4 Qg6 27. Qb5 Rc7 28. f5 exf5 29. hxg4 fxg4 30. Qxd5 Re7 31. Re2 Qf7 32. Qb5 Nf2 33. Rxe7 Qxe7 34. Nf5 a6 35. Qd5 Qf7 0-1

[Event "Berlin Lichtenberger op 12th"]
[Site "Berlin"]
[Date "2013.08.18"]
[Round "2"]
[White "Schmidek, Emil"]
[Black "Rohde, Wolfgang"]
[Result "0-1"]
[WhiteElo "1931"]
[BlackElo "2171"]
[PlyCount "58"]
[EventDate "2013.08.17"]
[EventType "swiss"]
[EventRounds "9"]
[EventCountry "GER"]
[SourceTitle "CBM 156 Extra"]
[Source "ChessBase"]
[SourceDate "2013.10.22"]
[SourceVersion "1"]
[SourceVersionDate "2013.10.22"]
[SourceQuality "1"]

1. e4 c5 2. Nf3 a6 3. d4 cxd4 4. Nxd4 e6 5. Nc3 Qc7 6. Bd3 b5 7. 0-0 b4 8. Nce2 Bb7 9. Nb3 Nf6 10. Ng3 h5 11. Re1 Nc6 12. Qe2 Bd6 13. f4 Bxf4 14. Bxf4 Qxf4 15. e5 Ng4 16. Rf1 Qxe5 17. Qxe5 Ncxe5 18. Nc5 Bc6 19. Nxa6 h4 20. Nc7+ Kd8 21. Nxa8 hxg3 22. h3 Nf2 23. Rae1 Nexd3 24. cxd3 Rxh3 25. Rxf2 gxf2+ 26. Kxf2 Rxd3 27. Nb6 Rd2+ 28. Re2 Rxe2+ 29. Kxe2 Kc7 0-1

[Event "GER-chT Seniors 21st"]
[Site "Berlin"]
[Date "2012.09.16"]
[Round "7.30"]
[White "Zunker, Reinhard"]
[Black "Rohde, Wolfgang"]
[Result "1/2-1/2"]
[WhiteElo "2045"]
[BlackElo "2113"]
[PlyCount "84"]
[EventDate "2012.09.10"]
[EventType "team-swiss"]
[EventRounds "7"]
[EventCountry "GER"]
[SourceTitle "CBM 150 Extra"]
[Source "ChessBase"]
[SourceDate "2012.10.19"]
[SourceVersion "1"]
[SourceVersionDate "2012.10.19"]
[SourceQuality "1"]
[WhiteTeam "Hessen Seniors II"]
[BlackTeam "Berlin Seniors II"]
[WhiteTeamCountry "GER"]
[BlackTeamCountry "GER"]

1. e4 c5 2. Nf3 Nf6 3. Nc3 Nc6 4. Bc4 e6 5. 0-0 Nxe4 6. Nxe4 d5 7. Bd3 dxe4 8. Bxe4 Be7 9. Bxc6+ bxc6 10. Ne5 Qd5 11. Re1 Bf6 12. Qe2 0-0 13. d3 Bxe5 14. Qxe5 f6 15. Qc3 Qd4 16. Bd2 e5 17. Qa3 Rb8 18. b3 Rb5 19. Rac1 Bf5 20. Qxa7 Rfb8 21. a4 R5b7 22. Qa5 e4 23. dxe4 Bxe4 24. Be3 Qd5 25. Qxc5 Bxg2 26. Rcd1 Qf3 27. Qc4+ Kh8 28. Qf4 h5 29. Rd3 Re8 30. Red1 Re4 31. Rd8+ Kh7 32. Qxf3 Bxf3 33. R1d4 c5 34. Rxe4 Bxe4 35. Rc8 Bxc2 36. Rxc5 Bxb3 37. Rxh5+ Kg6 38. Rb5 Rxb5 39. axb5 Kf5 40. Kg2 g5 41. Kg3 Bd5 42. b6 g4 1/2-1/2

[Event "GER-chT Seniors 21st"]
[Site "Berlin"]
[Date "2012.09.15"]
[Round "6.35"]
[White "Rust Lux, Klaus"]
[Black "Rohde, Wolfgang"]
[Result "1/2-1/2"]
[WhiteElo "1994"]
[BlackElo "2113"]
[PlyCount "85"]
[EventDate "2012.09.10"]
[EventType "team-swiss"]
[EventRounds "7"]
[EventCountry "GER"]
[SourceTitle "CBM 150 Extra"]
[Source "ChessBase"]
[SourceDate "2012.10.19"]
[SourceVersion "1"]
[SourceVersionDate "2012.10.19"]
[SourceQuality "1"]
[WhiteTeam "Bremen Seniors"]
[BlackTeam "Berlin Seniors II"]
[WhiteTeamCountry "GER"]
[BlackTeamCountry "GER"]

1. d4 Nf6 2. c4 c5 3. d5 b5 4. cxb5 a6 5. bxa6 Bxa6 6. Nc3 g6 7. Nf3 Bg7 8. e4 Bxf1 9. Kxf1 d6 10. g3 0-0 11. h3 Nbd7 12. Kg2 Qb6 13. Re1 Rfb8 14. Re2 Qa6 15. Bf4 Ne8 16. Rc1 Nc7 17. Rcc2 Nb6 18. b3 Qb7 19. Qd3 Na6 20. a3 Nc7 21. Bc1 Nd7 22. Nd2 Bd4 23. f4 e6 24. dxe6 fxe6 25. Nf3 Qa6 26. Qxa6 Rxa6 27. Nd1 e5 28. fxe5 dxe5 29. Nd2 Nb5 30. a4 Nd6 31. Ne3 Nf6 32. Nec4 Nfe8 33. Nxd6 Nxd6 34. Ba3 Nb7 35. Nf3 Na5 36. Nxd4 exd4 37. Rxc5 Nxb3 38. Rc7 Rxa4 39. Bd6 d3 40. Rf2 Rxe4 41. Rff7 Re2+ 42. Kg1 Re1+ 43. Kg2 1/2-1/2

[Event "GER-chT Seniors 21st"]
[Site "Berlin"]
[Date "2012.09.11"]
[Round "2.53"]
[White "Mueller, Lutz"]
[Black "Rohde, Wolfgang"]
[Result "0-1"]
[WhiteElo "1972"]
[BlackElo "2113"]
[PlyCount "88"]
[EventDate "2012.09.10"]
[EventType "team-swiss"]
[EventRounds "7"]
[EventCountry "GER"]
[SourceTitle "CBM 150 Extra"]
[Source "ChessBase"]
[SourceDate "2012.10.19"]
[SourceVersion "1"]
[SourceVersionDate "2012.10.19"]
[SourceQuality "1"]
[WhiteTeam "Rheinland Pfalz Seniors"]
[BlackTeam "Berlin Seniors II"]
[WhiteTeamCountry "GER"]
[BlackTeamCountry "GER"]

1. d4 Nf6 2. Nf3 g6 3. c4 Bg7 4. Nc3 0-0 5. e4 d6 6. Be2 Bg4 7. 0-0 Nfd7 8. Bg5 Nc6 9. d5 Bxf3 10. Bxf3 Nd4 11. Bg4 c5 12. Ne2 h5 13. Bh3 Ne5 14. Rc1 Nef3+ 15. gxf3 Nxf3+ 16. Kh1 Nxg5 17. Bg2 h4 18. f4 h3 19. Bf3 Nxf3 20. Rxf3 Bxb2 21. Rb1 Bf6 22. Rxh3 Kg7 23. Qg1 Rh8 24. Rbb3 Qd7 25. Qg2 Rxh3 26. Rxh3 Rg8 27. Re3 Qa4 28. e5 Bh4 29. Qe4 Rh8 30. Nc3 Qa3 31. Qc2 Qb4 32. Ne4 dxe5 33. fxe5 b5 34. cxb5 Qxb5 35. Kg2 c4 36. Nc3 Qc5 37. Qe4 Bg5 38. Re2 Rh4 39. Qc2 Qd4 40. d6 exd6 41. Ne4 dxe5 42. Qb1 Qd3 43. Qe1 Rg4+ 44. Kh1 Qf3+ 0-1

[Event "Berlin Lichtenberger op 11th"]
[Site "Berlin"]
[Date "2012.08.24"]
[Round "7"]
[White "Yuan, Yizheng"]
[Black "Rohde, Wolfgang"]
[Result "0-1"]
[WhiteElo "1895"]
[BlackElo "2185"]
[PlyCount "102"]
[EventDate "2012.08.18"]
[EventType "swiss"]
[EventRounds "9"]
[EventCountry "GER"]
[SourceTitle "CBM 150 Extra"]
[Source "ChessBase"]
[SourceDate "2012.10.19"]
[SourceVersion "1"]
[SourceVersionDate "2012.10.19"]
[SourceQuality "1"]

1. e4 c5 2. Nf3 e6 3. d4 cxd4 4. Nxd4 a6 5. Bd3 Bc5 6. Nb3 Ba7 7. Qe2 Nc6 8. Be3 d6 9. f4 Bxe3 10. Qxe3 Nf6 11. Nc3 Qc7 12. 0-0 b5 13. Rae1 Qa7 14. a4 b4 15. Nd1 Nd7 16. Qxa7 Rxa7 17. Ne3 Nb6 18. a5 Na4 19. Nc4 Ke7 20. Ra1 Nc5 21. Nxc5 dxc5 22. e5 Bd7 23. Kf2 Nd4 24. Ke3 Bb5 25. Nd6 Rd8 26. Rf2 Bxd3 27. Kxd3 Nb5 28. Kc4 Nxd6+ 29. exd6+ Rxd6 30. Kxc5 Rb7 31. Kc4 b3 32. c3 Rb5 33. Ra4 Rc6+ 34. Kd3 Kd6 35. c4 Rb7 36. Kc3 Kc5 37. Rd2 Rc8 38. g3 Rcb8 39. f5 Kc6 40. fxe6 fxe6 41. Re2 Re7 42. Ra3 Kc5 43. Rxb3 Rxb3+ 44. Kxb3 Kd4 45. Rd2+ Ke3 46. Kc3 e5 47. b4 e4 48. b5 axb5 49. cxb5 Rc7+ 50. Kb2 Kxd2 51. a6 Rc5 0-1

[Event "Berlin Lichtenberger op 11th"]
[Site "Berlin"]
[Date "2012.08.23"]
[Round "6"]
[White "Rohde, Wolfgang"]
[Black "Albrecht, Rainer"]
[Result "0-1"]
[WhiteElo "2185"]
[BlackElo "2110"]
[PlyCount "92"]
[EventDate "2012.08.18"]
[EventType "swiss"]
[EventRounds "9"]
[EventCountry "GER"]
[SourceTitle "CBM 150 Extra"]
[Source "ChessBase"]
[SourceDate "2012.10.19"]
[SourceVersion "1"]
[SourceVersionDate "2012.10.19"]
[SourceQuality "1"]

1. c4 f5 2. g3 Nf6 3. Bg2 e6 4. Nc3 Be7 5. d3 0-0 6. Qc2 Nc6 7. Nf3 d6 8. 0-0 e5 9. Rb1 a5 10. a3 Qe8 11. Nd5 Bd8 12. b4 axb4 13. axb4 Qh5 14. b5 Ne7 15. Nxf6+ gxf6 16. Kh1 Be6 17. Nh4 c6 18. Bf3 Qf7 19. Bh6 Re8 20. bxc6 bxc6 21. Rb7 d5 22. e4 fxe4 23. dxe4 Bc8 24. Rfb1 Bxb7 25. Rxb7 d4 26. Qe2 Qe6 27. Nf5 Nxf5 28. exf5 Qxf5 29. Bg4 Qg6 30. Bh5 Qxh6 31. Bxe8 Qh3 32. Qd1 Ba5 33. Bd7 f5 34. Bxc6 Bc3 35. Rb1 Rd8 36. Qa4 e4 37. Qb5 d3 38. Bd5+ Kh8 39. Qc6 Rf8 40. Qd6 Bg7 41. c5 Qg4 42. Qf4 Qxf4 43. gxf4 Bc3 44. c6 Bd2 45. f3 e3 46. c7 e2 0-1

[Event "Berlin Lichtenberger op 11th"]
[Site "Berlin"]
[Date "2012.08.22"]
[Round "5"]
[White "Guenther, Thomas"]
[Black "Rohde, Wolfgang"]
[Result "1/2-1/2"]
[WhiteElo "2085"]
[BlackElo "2185"]
[PlyCount "74"]
[EventDate "2012.08.18"]
[EventType "swiss"]
[EventRounds "9"]
[EventCountry "GER"]
[SourceTitle "CBM 150 Extra"]
[Source "ChessBase"]
[SourceDate "2012.10.19"]
[SourceVersion "1"]
[SourceVersionDate "2012.10.19"]
[SourceQuality "1"]

1. d4 Nf6 2. Nf3 g6 3. c4 Bg7 4. Nc3 0-0 5. e4 d6 6. Be2 Bg4 7. 0-0 Nfd7 8. Be3 c5 9. d5 Bxc3 10. bxc3 Qa5 11. Qc2 Nb6 12. Bh6 Bxf3 13. Bxf3 Re8 14. Be2 N8d7 15. f4 Qa4 16. Qd3 Nf8 17. e5 e6 18. Bxf8 Kxf8 19. dxe6 fxe6 20. Qxd6+ Re7 21. Qd1 Rd7 22. Qb3 Rd2 23. Bf3 Rad8 24. Bxb7 Qxc4 25. Qxc4 Nxc4 26. a4 Rb8 27. Bc6 Rbb2 28. Rab1 Rb6 29. Rxb6 axb6 30. Rb1 Nb2 31. h3 h5 32. h4 Kf7 33. Kh2 Rc2 34. Bb5 Ke7 35. Bc6 Kf7 36. Be4 Re2 37. Bf3 Rc2 1/2-1/2

[Event "Berlin Lichtenberger op 11th"]
[Site "Berlin"]
[Date "2012.08.21"]
[Round "4"]
[White "Rohde, Wolfgang"]
[Black "Richter, Goetz"]
[Result "1-0"]
[WhiteElo "2185"]
[BlackElo "2019"]
[PlyCount "107"]
[EventDate "2012.08.18"]
[EventType "swiss"]
[EventRounds "9"]
[EventCountry "GER"]
[SourceTitle "CBM 150 Extra"]
[Source "ChessBase"]
[SourceDate "2012.10.19"]
[SourceVersion "1"]
[SourceVersionDate "2012.10.19"]
[SourceQuality "1"]

1. c4 Nf6 2. Nc3 e6 3. d4 Bb4 4. Qc2 c5 5. Nf3 cxd4 6. Nxd4 Nc6 7. Nxc6 bxc6 8. a3 Be7 9. Bf4 Nh5 10. Bd2 d5 11. cxd5 cxd5 12. e4 0-0 13. exd5 exd5 14. Bd3 Nf6 15. 0-0 Bb7 16. Rfe1 Bd6 17. h3 Rc8 18. Qa4 Bb8 19. Qh4 Qb6 20. Bg5 Ne4 21. Nxd5 Bxd5 22. Bxe4 Bxe4 23. Rxe4 Qxb2 24. Rae1 f6 25. Be3 Qxa3 26. Qh5 Qb3 27. Rh4 Qd3 28. Rd1 Qg6 29. Qd5+ Qf7 30. Qf5 g6 31. Qd7 Rc7 32. Qa4 Rfc8 33. Rhd4 Re7 34. Rd8+ Rxd8 35. Rxd8+ Kg7 36. Qh4 Rxe3 37. fxe3 Qc7 38. Rd1 g5 39. Qg4 Kg6 40. Qe4+ Kh6 41. Qg4 Qe5 42. Qf3 a5 43. h4 gxh4 44. Rd4 Qh2+ 45. Kf1 Be5 46. Rg4 Bc3 47. Ke2 Be5 48. Kd3 Qh1 49. Ke2 Qh2 50. Qe4 Bg3 51. Qc6 Be5 52. Qb7 f5 53. Qc6+ Kh5 54. Rg8 1-0

[Event "Berlin Lichtenberger op 10th"]
[Site "Berlin"]
[Date "2011.08.20"]
[Round "8"]
[White "Rohde, Wolfgang"]
[Black "Guenther, Thomas"]
[Result "1/2-1/2"]
[WhiteElo "2176"]
[BlackElo "2132"]
[PlyCount "83"]
[EventDate "2011.08.13"]
[EventType "swiss"]
[EventRounds "9"]
[EventCountry "GER"]
[SourceTitle "CBM 143 Extra"]
[Source "ChessBase"]
[SourceDate "2011.08.29"]
[SourceVersion "1"]
[SourceVersionDate "2011.08.29"]
[SourceQuality "1"]

1. d4 Nf6 2. Nf3 e6 3. g3 b5 4. Bg2 Bb7 5. 0-0 Be7 6. c3 0-0 7. Nbd2 c5 8. dxc5 Bxc5 9. a4 bxa4 10. Qxa4 d5 11. Nb3 Bc6 12. Qh4 Be7 13. Ne5 Be8 14. Qd4 Qc7 15. Bg5 a5 16. c4 Nc6 17. Nxc6 Bxc6 18. cxd5 Bxd5 19. Rfc1 Qd8 20. Bxd5 Nxd5 21. Bxe7 Nxe7 22. Qxd8 Rfxd8 23. Nxa5 Rab8 24. b3 Rb5 25. Rc7 Nd5 26. Ra7 g6 27. Rc1 Nb4 28. Rcc7 Rf8 29. e4 Nd3 30. Rc3 Nc5 31. f3 Rd8 32. Kg2 Rd3 33. Rxd3 Nxd3 34. Nc6 Rxb3 35. Nd8 Ne5 36. f4 Rb2+ 37. Kf1 Ng4 38. h3 Nh2+ 39. Ke1 Nf3+ 40. Kf1 Nh2+ 41. Ke1 Nf3+ 42. Kf1 1/2-1/2